<?xml version="1.0" encoding="UTF-8"?>
<record
    xmlns:xsi="http://www.w3.org/2001/XMLSchema-instance"
    xsi:schemaLocation="http://www.loc.gov/MARC21/slim http://www.loc.gov/standards/marcxml/schema/MARC21slim.xsd"
    xmlns="http://www.loc.gov/MARC21/slim">

  <leader>00238nam a2200085   4500</leader>
  <controlfield tag="001">1230401</controlfield>
  <controlfield tag="005">20250916123933.0</controlfield>
  <datafield tag="245" ind1=" " ind2=" ">
    <subfield code="a">GEN&#xC7;LER! S&#x130;Z&#x130; LEYLEKLER GET&#x130;RMED&#x130;, B&#x130;R A&#x130;LEN&#x130;Z OLDU&#x11E;UNU UNUTMAYIN!</subfield>
    <subfield code="c">SADULLAH GEN&#xC7;</subfield>
  </datafield>
  <datafield tag="260" ind1=" " ind2=" ">
    <subfield code="b">BEYAN</subfield>
  </datafield>
  <datafield tag="999" ind1=" " ind2=" ">
    <subfield code="c">1230401</subfield>
    <subfield code="d">1230401</subfield>
  </datafield>
  <datafield tag="952" ind1=" " ind2=" ">
    <subfield code="0">0</subfield>
    <subfield code="1">0</subfield>
    <subfield code="2">ddc</subfield>
    <subfield code="4">0</subfield>
    <subfield code="7">0</subfield>
    <subfield code="a">1011</subfield>
    <subfield code="b">1011</subfield>
    <subfield code="d">2025-09-16</subfield>
    <subfield code="l">1</subfield>
    <subfield code="o">L2</subfield>
    <subfield code="p">10115227</subfield>
    <subfield code="r">2025-09-22 09:55:27</subfield>
    <subfield code="s">2025-09-19</subfield>
    <subfield code="w">2025-09-16</subfield>
    <subfield code="y">BK</subfield>
  </datafield>
</record>
